Đang tải...

Ojha paresh pottra ki ojhayee /

Chi tiết về thư mục
Tác giả chính: Chander, P.
Ngôn ngữ:Undetermined
Được phát hành: Delhi : 1978.
LEADER 00398nam a2200121Ia 4500
001 169891
008 170722s9999 xx 000 0 und d
100 |a Chander, P. 
245 |a Ojha paresh pottra ki ojhayee / 
260 |a Delhi :  |c 1978. 
942 |c GEN 
999 |c 173156  |d 173156 
952 |0 0  |1 0  |4 0  |6 O_1573N1710_152L8  |7 0  |8 LC1  |9 238899  |a LIB  |b LIB  |d 2017-08-12  |h LC1  |o O157,3N171,0 152L8  |p G9308  |r 2017-08-12  |w 2017-08-12  |y GEN